000 00571nam a2200193Ia 4500
008 151119s9999||||xx |||||||||||||| ||und||
082 _a891.46308
082 _bGKKV25881
100 _aचांदोरकर स्वाती
245 _aगोल गोल राणी
260 _a--
260 _b--
260 _c2005
600 _aचांदोरकर स्वाती
630 _aगोल गोल राणी
700 _aचांदोरकर स्वाती
730 _aगोल गोल राणी
942 _cBOOK
999 _c1078380
_d1078377